A Highly Robust Watermarking Technique for Right Protection of Relational Database / (Record no. 608174)
[ view plain ]
| 000 -LEADER | |
|---|---|
| fixed length control field | 00548nam a22001457a 4500 |
| 040 ## - CATALOGING SOURCE | |
| Transcribing agency | MCS (NUST) |
| 082 ## - DEWEY DECIMAL CLASSIFICATION NUMBER | |
| Classification number | 005.8,SUH |
| 100 ## - MAIN ENTRY--PERSONAL NAME | |
| Personal name | Sabah Suhail |
| 9 (RLIN) | 121319 |
| 245 ## - TITLE STATEMENT | |
| Title | A Highly Robust Watermarking Technique for Right Protection of Relational Database / |
| Statement of responsibility, etc. | Sabah Suhail |
| 260 ## - PUBLICATION, DISTRIBUTION, ETC. | |
| Place of publication, distribution, etc. | Rawalpindi |
| Name of publisher, distributor, etc. | MCS (NUST) |
| Date of publication, distribution, etc. | Mar 2012 |
| 300 ## - PHYSICAL DESCRIPTION | |
| Extent | viii,51 p, |
| 505 ## - FORMATTED CONTENTS NOTE | |
| Formatted contents note | Introduction (Page-1), Literature Review (Page-11), Methodology (Page-19), Attacks Analysis (Page-30), Conclusion (Page-46). |
| 650 ## - SUBJECT ADDED ENTRY--TOPICAL TERM | |
| Topical term or geographic name entry element | PG Thesis |
| 9 (RLIN) | 35000 |
| 942 ## - ADDED ENTRY ELEMENTS (KOHA) | |
| Source of classification or shelving scheme | |
| Koha item type | Thesis |
| Call number prefix | 005.8,SUH |
| Withdrawn status | Lost status | Source of classification or shelving scheme | Damaged status | Not for loan | Permanent Location | Current Location | Shelving location | Date acquired | Total Checkouts | Full call number | Barcode | Date last seen | Price effective from | Koha item type | Public note |
|---|---|---|---|---|---|---|---|---|---|---|---|---|---|---|---|
| Military College of Signals (MCS) | Military College of Signals (MCS) | Thesis | 02/26/2024 | 005.8,SUH | MCSTIS-411 | 02/26/2024 | 02/26/2024 | Thesis | Only Hard Copy Available |
